000
00323nam a2200133Ia 4500
005
20251222143317.0
008
251222s9999||||xx |||||||||||||| ||spa||
082
_a
305.42/P52
100
_a
Pia Dradi, María
245
0
_a
La Mujer Chayahuita:
250
_a
1ra .ed.
264
_b
Fundación Friedrich Ebert
942
_c
LIB
999
_c
15938
_d
15938